| 000 | 00558nam a2200193 a 4500 | ||
|---|---|---|---|
| 005 | 20240920064050.0 | ||
| 008 | 991125s1988 es 000 0 spa u | ||
| 020 | _a8471123223 | ||
| 035 | _aUPN01000027314 | ||
| 049 | _aCG | ||
| 050 | 4 |
_aLB1117 _bB7.58 |
|
| 100 | 1 | _aBrowne, Naima | |
| 245 | 1 | 0 |
_aHacia una educación infantil no sexista / _cNaima Browne y Pauline France ; tr. Guillermo Solana. |
| 260 |
_aMadrid : _bMorata, _c1988. |
||
| 300 | _a190 p. | ||
| 650 | 4 |
_aEducación de niños _95387 |
|
| 700 | 1 |
_aFrance, Pauline, _ecoaut. |
|
| 905 | _aLibro | ||
| 999 |
_c27314 _d27314 |
||